La floresta : (Registro nro. 7330)
[ vista simple ]
| 000 -LIDER | |
|---|---|
| fixed length control field | 00815nam a2200229 a 4500 |
| 001 - NÚMERO DE CONTROL | |
| Identificador de número de control | 000044380 |
| 003 - IDENTIFICACDOR DE NÚMERO DE CONTROL | |
| control field | DO-SdBNP |
| 005 - DATE AND TIME OF LATEST TRANSACTION | |
| control field | 20180402085355.0 |
| 007 - CAMPOS FIJOS DE DESCRIPCIÓN FÍSICA | |
| fixed length control field | 000044380 |
| 008 - ELEMENTOS DE LONGITUD FIJA | |
| fixed length control field | 140626s1994 dr ac 000 0 spa d |
| 040 ## - FUENTE DE CATALOGACIÓN | |
| Agencia que crea de manera original el registro | BPMET |
| Idioma de catalogación | spa |
| Agencia que realiza la transcripción | BPMET |
| 092 ## - LOCALLY ASSIGNED DEWEY DECIMAL CALL NUMBER | |
| Número de clasificación | xxxx |
| Número de ítem (Cutter) | xxxx |
| 100 1# - ASIENTO PRINCIPAL -- NOMBRE PERSONAL | |
| Nombre personal | García, Mélida, |
| Fechas asociadas con el nombre | 1956- |
| 245 13 - MENCIÓN DE TITULO | |
| Título | La floresta : |
| Subtítulo | cuentos infantiles con ilustraciones para colorear / |
| Mención de responsabilidad | Mélida García ; ilustraciones Katja Karina Féliz Montes de Oca. |
| 260 ## - PUBLICACIÓN, DISTRIBUCIÓN, ETC. (PIE DE IMPRENTA) | |
| Lugar de publicación, distribución, etc | Santo Domingo : |
| Nombre del editor, distribuidor, etc. | Impresos Computarizados, |
| Fecha de publicación, distribución, etc | [190?] |
| 300 ## - DESCRIPCIÓN FÍSICA | |
| Extensión | 25 p. : |
| Otros detalles físicos | il. ; |
| Dimensiones | 27 cm. |
| 590 ## - NOTA LOCAL | |
| Texto de la nota local | La biblioteca posee un ejemplar autografiado por la autora |
| 700 1# - ASIENTO SECUNDARIO -- NOMBRE PERSONAL | |
| Nombre personal | Féliz Montes de Oca, Katja Karina |
| Mención de responsabilidad | il. |
| 942 ## - ADDED ENTRY ELEMENTS (KOHA) | |
| Source of classification or shelving scheme | Dewey Decimal Classification |
| Koha item type | Libros |
| 945 ## - INFORMACIÓN DE PROCESAMIENTO LOCAL | |
| Información de procesamiento local | Remanejado para la BNPHU / 2018 VM |
| 956 ## - LOCAL ELECTRONIC LOCATION AND ACCESS (OCLC) | |
| Nombre de host | VMATEO |
| Número de acceso | 10 |
| Información de compresión | 20140626 |
| Inicio de sesión | BPMSU |
| Procesador de solicitud | 0069 |
| Withdrawn status | Lost status | Source of classification or shelving scheme | Damaged status | Not for loan | Collection code | Home library | Current library | Date acquired | Total Checkouts | Barcode | Date last seen | Copy number | Price effective from | Koha item type |
|---|---|---|---|---|---|---|---|---|---|---|---|---|---|---|
| Dewey Decimal Classification | Biblioteca Pública Metropolitana Salomé Ureña | Biblioteca Pública Metropolitana Salomé Ureña | 02/04/2015 | BPMET15041033 | 02/04/2015 | 1 ej. | 02/04/2015 | Libros |